Quiz de culture général #1 - Statistiques

Statistiques générales
  • Ce quiz a été pris 499 fois
  • Le résultat moyen est 10 sur 20
Statistiques - réponses
Question Réponse % Correct
Quel est le texte religieux central de l'Islam? Coran
96%
Dans quel pays est né Adolphe Hitler ? Autriche
89%
De quelle langue originale dérivent les langues romanes ? Latin
88%
Dans les film de Disney, quelle est la profession des sept nains? Mineur
82%
Quelle pièce d'échecs ne peut se déplacer qu'en diagonale ? Le fou
81%
Quel château est célèbre pour sa galerie des glaces ? Le château de Versaille
76%
Quel type de drapeau indique la reddition ? Drapeau blanc
69%
Qui a eu des enfants avec Jules César et Marc Antoine ? Cléopâtre
65%
Quel élément trouvait-on couramment à l'intérieur dans les thermomètres ? Mercure
59%
Nommez l’un des deux pays à majorité musulmane qui font partie de l’OTAN. Albanie / Turquie
55%
Qui était le chanteur principal du groupe Nirvana? Kurt Cobain
39%
Quel pays a inventé les comptes bancaires comportant des numéros et non des noms ? Suisse
37%
Qui a réalisé trois des quatre films les plus rentables de tous les temps ? James Cameron
30%
Le bruxisme est quelque chose de douloureux que les gens font pendant leur sommeil. Qu'est-ce que c'est? Grincement des dents
28%
Quelle civilisation sacrifiait des milliers de personnes chaque année, plaçant leurs crânes dans des casiers appelés Tzompantli ? Les Aztèques
26%
Où pouvez-vous trouver la Mer de Tranquillité ? La lune
25%
Quel animal est aussi connu sous le nom de vache de mer ? Lamantin
24%
Qui est l’homonyme de deux continents ? Amerigo Vespucci
3%
Quel livre de Joseph Conrad a inspiré le film "Apocalypse Now"? Au coeur des ténèbres
2%
Quelle a été la bataille la plus meurtrière de la guerre civile américaine ? Bataille de Gettysburg
1%
Aucun quiz correspondant
Distribution des résultats
% des personnes avec chaque résultat
Percentile par nombre de réponses
Votre historique - résultats
Vous n’avez pas pris ce quiz